Citas y frases célebres / (Registro nro. 11404)

Detalles MARC
000 -LIDER
fixed length control field 00760nam a2200241 4500
001 - NÚMERO DE CONTROL
Identificador de número de control 000503
003 - IDENTIFICACDOR DE NÚMERO DE CONTROL
control field DO-SdBNP
005 - DATE AND TIME OF LATEST TRANSACTION
control field 20171113115029.0
007 - CAMPOS FIJOS DE DESCRIPCIÓN FÍSICA
fixed length control field 000503
008 - ELEMENTOS DE LONGITUD FIJA
fixed length control field 160915b 2006 ck a ||||| |||| 00| 0 spa d
020 ## - ISBN
International Standard Book Number 9974795532
040 ## - FUENTE DE CATALOGACIÓN
Agencia que crea de manera original el registro BPMSU
Idioma de catalogación spa
Agencia que realiza la transcripción BPMSU
082 #4 - NÚMERO DE CLASIFICACIÓN DECIMAL DE DEWEY
Classification number 808.882
Item number C581
245 00 - MENCIÓN DE TITULO
Título Citas y frases célebres /
Mención de responsabilidad recopilación y redacción, Roberto Martín Flores.
246 ## - VARIACION DEL TÍTULO
Título propiamente dicho o título corto Citas y frases célebres de todos los tiempos.
260 ## - PUBLICACIÓN, DISTRIBUCIÓN, ETC. (PIE DE IMPRENTA)
Lugar de publicación, distribución, etc Montevideo :
Nombre del editor, distribuidor, etc. Arquetipo Grupo Editorial,
Fecha de publicación, distribución, etc 2006.
300 ## - DESCRIPCIÓN FÍSICA
Extensión 360 p. :
Otros detalles físicos il. ;
Dimensiones 29 cm
650 #4 - ENCABEZAMIENTO DE MATERIA--TEMÁTICO
Término temático o nombre geográfico como elemento de entrada CITAS ESPAÑOLAS
700 1# - ASIENTO SECUNDARIO -- NOMBRE PERSONAL
Nombre personal Martín Flores, Roberto
910 ## - VALIDACIÓN
Validación Validado. Control de calidad MFF
942 ## - ADDED ENTRY ELEMENTS (KOHA)
Source of classification or shelving scheme Dewey Decimal Classification
Koha item type Libros
956 ## - LOCAL ELECTRONIC LOCATION AND ACCESS (OCLC)
Método de acceso LOPEREZ
Materiales especificados 10
Enlace 20160915
Campo enlazado y núm. de secuencia BPMSU
Nombre de host 00041
Existencias
Withdrawn status Lost status Source of classification or shelving scheme Damaged status Not for loan Collection code Home library Current library Date acquired Source of acquisition Total Checkouts Full call number Barcode Date last seen Price effective from Koha item type
    Dewey Decimal Classification     Colección General Biblioteca Pública Metropolitana Salomé Ureña Biblioteca Pública Metropolitana Salomé Ureña 09/15/2016 Donación   808.882 C581 BPMSU16090333 09/15/2016 09/15/2016 Libros